Dynamisches Kostenmanagement : Konzeptionelle Grundlagen und praktische Umsetzung im Rahmen eines strategischen Kosten-und Erfolgs-Controlling /

Guardado en:
Detalles Bibliográficos
Autor principal: Fröhling, Oliver (Autor)
Formato: Libro
Lenguaje:alemán
Publicado: München : Verlag Franz Vahlen, 1994
Materias:
Etiquetas: Agregar Etiqueta
Sin Etiquetas, Sea el primero en etiquetar este registro!

MARC

LEADER 00000nam a22000003a 4500
001 stu44381
005 20150617225718.3
008 950320s1994----gw------------------ger-d
020 |a 3-8006-1768-4 
040 |a STU  |b slo 
041 0 |a ger 
044 |a gw 
080 |a 657.47 
100 1 |a Fröhling, Oliver  |4 aut 
245 1 |a Dynamisches Kostenmanagement :  |b Konzeptionelle Grundlagen und praktische Umsetzung im Rahmen eines strategischen Kosten-und Erfolgs-Controlling /  |c [aut.]Oliver Fröhling 
260 |a München :  |b Verlag Franz Vahlen,  |c 1994 
300 |a 432 s 
650 7 |a náklady  |2 stusub 
996 |b 284M054587  |c M*8941-1  |l MMKN  |s A  |a 24  |w stu44381_0001